[Event "Ashkhabad-B"]
[Site "Ashkhabad"]
[Date "1996.??.??"]
[Round "4"]
[White "Aliev, Kerim"]
[Black "Kotsur, Pavel"]
[Result "1/2-1/2"]
[WhiteElo "2225"]
[BlackElo "2495"]
[PlyCount "42"]
[EventDate "1996.??.??"]
[EventType "tourn"]
[EventRounds "11"]
[EventCountry "TKM"]
[EventCategory "8"]
[SourceTitle "EXT 2000"]
[Source "ChessBase"]
[SourceDate "1999.11.16"]
[SourceVersion "1"]
[SourceVersionDate "1999.11.16"]
[SourceQuality "1"]

1. d4 e6 2. c4 c5 3. Nf3 Nf6 4. Nc3 cxd4 5. Nxd4 Nc6 6. e3 Be7 7. Be2 0-0 8. 0-0 Qc7 9. e4 a6 10. Be3 b6 11. Rc1 Bb7 12. f3 Bd6 13. f4 Nxd4 14. Qxd4 Bc5 15. Qd3 d6 16. Rfd1 Rfd8 17. Bf3 Bxe3+ 18. Qxe3 Qc5 19. Qxc5 bxc5 20. Rd2 Ne8 21. Rcd1 Rdc8 1/2-1/2